00501nam a2200145Ia 4500008004100000041000800041082001600049100002400065245002600089260003700115300001400152906001100166999001700177952016100194220530s9999 xx 000 0 und d aeng a891.46bDAN aDandekar G N956154 aSmarangatha (Marathi) aMumbaibMajestic Prakashanc2008 a558 PbPB a60bGB c50991d50991 001040708Non Technical aCEWNbCEWNd2012-03-26eVidharabha Stationersg300.00o891.46pCEWN-BK-3190r2022-05-30 00:00:00v240.00w2022-05-30yBKz003190